000 00655nam a2200181Ia 4500
008 100920s9999 xx 000 0 und d
082 _b93334
_a--- न 05
100 _aभट रविंद्र.
245 _aभेदिले सूर्यमंडळा.
260 _bइंद्रायणी साहित्य प्रकाशन पुणे 30.
_c2005
300 _a384
_bसाधी
365 _b160
520 _aकादंबरी.
630 _aभेदिले सूर्यमंडळा.
650 _aकादंबरी.
730 _aभेदिले सूर्यमंडळा.
942 _cBOOK
999 _c733777
_d733774